| Поле | Название | Значение |
| |
Тип записи |
a |
| |
Библиографический уровень |
m |
| 001 |
Контрольный номер |
RU/IS/BASE/543586258 |
| 005 |
Дата корректировки |
20201206205042.2 |
| 010 |
Индекс ISBN |
__ |
| a |
ISBN |
978-5-94560-147-5 (в пер.) |
| d |
Цена |
572-00 |
| 100 |
Данные общей обработки |
__ |
| a |
Данные общей обработки |
19170323d2008||||||| 0rusy0189 ca |
| 101 |
Язык документа |
0_ |
| a |
Язык текста |
rus |
| 102 |
Страна публикации |
__ |
| a |
Страна публикации |
ru| |
| 105 |
Кодированные данные (монография) |
__ |
| a |
Кодированные данные (монография) |
||||||||001zy |
| 200 |
Заглавие и сведения об ответственности |
1_ |
| a |
Заглавие |
Указатель библиографических пособий по Сибири и Дальнему Востоку, (2001 - 2005 гг.) |
| f |
Первые сведения об ответственности |
Государственная публичная научно-техническая библиотека Сибирского отделения Российской академии наук ; [составители: Л. А. Мандринина, В. Ф. Яковлева, В. А. Мамонтова ; научный редактор Е. Б. Соболева] |
| b |
Общее обозначение материала |
Текст |
| 210 |
Выходные данные |
__ |
| a |
Место издания |
Новосибирск |
| c |
Издательство |
ГПНТБ СО РАН |
| d |
Дата издания |
2008 |
| 215 |
Физическое описание |
__ |
| a |
Объем |
239 с. |
| d |
Формат |
27 см |
| 300 |
Общие примечания |
__ |
| a |
Общие примечания |
200 экз. |
| 330 |
Аннотация |
__ |
| a |
Аннотация |
Данный указатель продолжает одноименный ретроспективный указатель, отразивший литературу 1969-2000 гг. (Новосибирск, 2007). В нем учитываются отдельно изданные библиографические пособия по Сибири и Дальнему Востоку, самостоятельные внутрикнижные и внутрижурнальные библиографические указатели и списки литературы, а также наиболее значимые прикнижные библиографические материалы (объемом не менее 100 названий). Вспомогательные указатели: именной, географический, заглавий библиографических пособий. К указателю дается обзор вошедших в него библиографических пособий, подготовленный Е. И. Лукьяновой, и статистические таблицы библиографической продукции, включенной в "Указатель...". |
| 606 |
Тематические рубрики |
__ |
| a |
Основная рубрика |
Литература универсального содержания |
| 606 |
Тематические рубрики |
__ |
| a |
Основная рубрика |
Библиографические пособия |
| z |
Хронологическая подрубрика |
20 в. |
| z |
Хронологическая подрубрика |
2001 - 2005 гг. |
| y |
Географическая подрубрика |
Восточная Сибирь |
| y |
Географическая подрубрика |
Дальний Восток |
| y |
Географическая подрубрика |
Западная Сибирь |
| y |
Географическая подрубрика |
Российская Федерация |
| y |
Географическая подрубрика |
Россия |
| y |
Географическая подрубрика |
РФ |
| y |
Географическая подрубрика |
Сибирь |
| 606 |
Тематические рубрики |
__ |
| a |
Основная рубрика |
География |
| 606 |
Тематические рубрики |
__ |
| a |
Основная рубрика |
Краеведение |
| 610 |
Ключевые слова |
__ |
| a |
Ключевые слова |
библиографическая информация |
| a |
Ключевые слова |
библиографические данные |
| a |
Ключевые слова |
библиографические записи |
| a |
Ключевые слова |
библиографические издания |
| a |
Ключевые слова |
библиографические пособия |
| a |
Ключевые слова |
библиографические указатели |
| a |
Ключевые слова |
библиотечное дело |
| a |
Ключевые слова |
геология |
| a |
Ключевые слова |
здравоохранение |
| a |
Ключевые слова |
искусство |
| a |
Ключевые слова |
исторические личности |
| a |
Ключевые слова |
история |
| a |
Ключевые слова |
климат |
| a |
Ключевые слова |
краеведческая библиография |
| a |
Ключевые слова |
культура |
| a |
Ключевые слова |
литература |
| a |
Ключевые слова |
наука |
| a |
Ключевые слова |
образование |
| a |
Ключевые слова |
персоналии |
| a |
Ключевые слова |
полезные ископаемые |
| a |
Ключевые слова |
природа |
| a |
Ключевые слова |
промышленность |
| a |
Ключевые слова |
религия |
| a |
Ключевые слова |
ретроспективная библиография |
| a |
Ключевые слова |
ретроспективные указатели |
| a |
Ключевые слова |
сельское хозяйство |
| a |
Ключевые слова |
строительство |
| a |
Ключевые слова |
транспорт |
| a |
Ключевые слова |
указатели |
| a |
Ключевые слова |
экономика |
| a |
Ключевые слова |
этнография |
| a |
Ключевые слова |
языкознание |
| 686 |
Индексы других классификаций |
__ |
| 2 |
Код системы |
rubbks |
| a |
Классификационный индекс |
91.9:2 |
| 686 |
Индексы других классификаций |
__ |
| 2 |
Код системы |
rubbks |
| a |
Классификационный индекс |
26.89(25)я1 |
| 702 |
Вторичная интеллектуальная ответственность |
_1 |
| a |
Фамилия |
Мандринина |
| b |
Имя |
Л. А. |
| 4 |
Код отношения |
Составитель |
| 4 |
Код отношения |
220 |
| 702 |
Вторичная интеллектуальная ответственность |
_1 |
| a |
Фамилия |
Яковлева |
| b |
Имя |
В. Ф. |
| 4 |
Код отношения |
Составитель |
| 4 |
Код отношения |
220 |
| 702 |
Вторичная интеллектуальная ответственность |
_1 |
| a |
Фамилия |
Мамонтова |
| b |
Имя |
В. А. |
| 4 |
Код отношения |
Составитель |
| 4 |
Код отношения |
220 |
| 702 |
Вторичная интеллектуальная ответственность |
_1 |
| a |
Фамилия |
Соболева |
| b |
Имя |
Е. Б. |
| 4 |
Код отношения |
Научный редактор |
| 4 |
Код отношения |
340 |
| 711 |
Наименование организации. (Альтернативная ответственность) |
__ |
| a |
Организация/ юрисдикция |
Государственная публичная научно-техническая библиотека СО РАН |
| 801 |
Источник записи |
_0 |
| a |
Страна |
ru |
| b |
Организация |
Муниципальное бюджетное учреждение культуры "Централизованная библиотечная система" г. Сургут (Центральная городская библиотека им. А. С. Пушкина) |
| c |
Дата составления |
20170323 |
| g |
Правила каталогизации |
КиК/Апакова |
| 801 |
Источник записи |
_1 |
| a |
Страна |
ru |
| b |
Организация |
Муниципальное бюджетное учреждение культуры "Централизованная библиотечная система" г. Сургут (Центральная городская библиотека им. А. С. Пушкина) |
| c |
Дата составления |
20170323 |
| g |
Правила каталогизации |
КиК/Апакова |
| 852 |
Данные о местонахождении |
__ |
| j |
Шифр хранения |
91.9:2 |
| i |
Авторский знак |
У 42 |
| 901 |
Тип документа |
__ |
| t |
Тип документа |
m |
| 903 |
Характеристики (МАРС) |
__ |
| a |
Дата передачи |
20170323 |
| 969 |
Тип издания |
__ |
| a |
Тип издания |
библиографический указатель; указатель |
| 990 |
Данные о заказе (DOS) |
__ |
| j |
Количество экземпляров (DOS) |
1 |
| t |
N записи в КСУ для И/У (DOS) |
201703 |